Statistics for Metal Gears

Click here to take the quiz!

General Stats

  • This quiz has been taken 19 times
  • The average score is 4 of 7

Answer Stats

HintAnswer% Correct
Metal Gear Solid 2, Metal Gear Solid 4,
Metal Gear Rising: Revengance
Metal Gear RAY
100%
Metal Gear Solid, Metal Gear Solid 4Metal Gear REX
93%
Metal Gear Solid V: The Phantom Pain,
Metal Gear Survive
ST-84 Metal Gear/Sahelanthropus
50%
Metal Gear Solid: Peace WalkerPeace Walker
43%
Metal Gear Solid: Peace WalkerMetal Gear ZEKE
29%
Metal Gear 2: Solid SnakeMetal Gear D
21%
Metal GearTX-55 Metal Gear
14%

Score Distribution

Percentile by Number Answered

Percent of People with Each Score

Your Score History

You have not taken this quiz